000 00659nam a2200169Ia 4500
008 090201s9999 xx 000 0 und d
010 _aKPL-60267
040 _bमराठी
041 _aमराठी
082 _a2635
_b60267
100 _aडॉ. कुमुद बेदरकर
245 _aनिसर्गोपचार रोगांचे प्रकार कारणे
_cडॉ. कुमुद बेदरकर
260 _c2004
_bआरती प्रकाशन
300 _a184
_bमोठा
600 _aनिसर्गोपचार रोगांचे प्रकार कारणे
942 _cBOOK
999 _c203715
_d203715